<?xml version="1.0" encoding="UTF-8"?>
<record
    xmlns:xsi="http://www.w3.org/2001/XMLSchema-instance"
    xsi:schemaLocation="http://www.loc.gov/MARC21/slim http://www.loc.gov/standards/marcxml/schema/MARC21slim.xsd"
    xmlns="http://www.loc.gov/MARC21/slim">

  <leader>01503nam0a2200361   4500</leader>
  <controlfield tag="001">RU\NLR\ONL2\23357</controlfield>
  <controlfield tag="005">20260406072852.0</controlfield>
  <datafield tag="010" ind1=" " ind2=" ">
    <subfield code="a">978-5-295-05353-5</subfield>
    <subfield code="9">1500</subfield>
  </datafield>
  <datafield tag="035" ind1=" " ind2=" ">
    <subfield code="a">(NLR Aleph) 010210315</subfield>
  </datafield>
  <datafield tag="090" ind1=" " ind2=" ">
    <subfield code="a">10271719</subfield>
    <subfield code="c">10271719</subfield>
  </datafield>
  <datafield tag="100" ind1=" " ind2=" ">
    <subfield code="a">20120523d2011    |||y0rusy50      ca</subfield>
  </datafield>
  <datafield tag="101" ind1="1" ind2=" ">
    <subfield code="a">bak</subfield>
    <subfield code="c">tat</subfield>
  </datafield>
  <datafield tag="102" ind1=" " ind2=" ">
    <subfield code="a">RU</subfield>
  </datafield>
  <datafield tag="105" ind1=" " ind2=" ">
    <subfield code="a">c |||||||||</subfield>
  </datafield>
  <datafield tag="200" ind1="1" ind2=" ">
    <subfield code="a">&#x410;k k&#x430;&#x43D;&#x430;&#x442;&#x442;&#x430;&#x440;</subfield>
    <subfield code="e">&#x448;&#x438;&#x433;&#x44B;&#x440;&#x437;&#x430;&#x440; h&#x44D;&#x43C; &#x43F;&#x43E;&#x44D;&#x43C;&#x430;&#x43B;&#x430;&#x440;</subfield>
    <subfield code="f">&#x42D;&#x445;&#x441;&#x44D;&#x43D; &#x411;&#x430;&#x44F;&#x43D;</subfield>
    <subfield code="g">[&#x431;&#x430;&#x448;k&#x43E;&#x440;&#x442;&#x441;&#x430;&#x433;&#x430; &#x442;&#x44D;&#x440;&#x436;. &#x410;. &#x418;&#x433;&#x435;&#x431;&#x430;&#x435;&#x432;]</subfield>
  </datafield>
  <datafield tag="210" ind1=" " ind2=" ">
    <subfield code="a">&#x4E8;&#x444;&#x4E9;</subfield>
    <subfield code="c">&#x41A;&#x438;&#x442;&#x430;&#x43F;</subfield>
    <subfield code="d">2011</subfield>
  </datafield>
  <datafield tag="215" ind1=" " ind2=" ">
    <subfield code="a">277,[1] &#x431;.</subfield>
    <subfield code="c">&#x43F;&#x43E;&#x440;&#x442;&#x440;.</subfield>
    <subfield code="d">17</subfield>
  </datafield>
  <datafield tag="225" ind1="1" ind2=" ">
    <subfield code="a">&#x41A;&#x44D;&#x440;&#x437;&#x44D;&#x448;&#x43B;&#x435;&#x43A; &#x43A;&#x44D;&#x448;&#x442;&#x44D;h&#x435;</subfield>
  </datafield>
  <datafield tag="300" ind1=" " ind2=" ">
    <subfield code="a">&#x41F;&#x435;&#x440;&#x435;&#x434;. &#x432;&#x44B;&#x43F;. &#x434;&#x430;&#x43D;. &#x430;&#x432;&#x442;.: &#x411;&#x430;&#x44F;&#x43D;&#x43E;&#x432; &#x410;&#x445;&#x441;&#x430;&#x43D; &#x424;&#x430;&#x442;&#x445;&#x443;&#x43B;&#x431;&#x430;&#x44F;&#x43D;&#x43E;&#x432;&#x438;&#x447; (&#x410;&#x445;&#x441;&#x430;&#x43D; &#x411;&#x430;&#x44F;&#x43D;).</subfield>
  </datafield>
  <datafield tag="541" ind1="1" ind2=" ">
    <subfield code="6">z01790</subfield>
    <subfield code="a">&#x411;&#x435;&#x43B;&#x44B;&#x435; &#x43A;&#x440;&#x44B;&#x43B;&#x44C;&#x44F;</subfield>
    <subfield code="e">&#x441;&#x442;&#x438;&#x445;&#x43E;&#x442;&#x432;&#x43E;&#x440;&#x435;&#x43D;&#x438;&#x44F; &#x438; &#x43F;&#x43E;&#x44D;&#x43C;&#x44B;.</subfield>
    <subfield code="z">rus</subfield>
  </datafield>
  <datafield tag="686" ind1="1" ind2=" ">
    <subfield code="a">&#x428;6(2=&#x411;&#x430;&#x448;)7-91&#x422;&#x430;&#x442;&#x430;&#x440;-5</subfield>
  </datafield>
  <datafield tag="700" ind1=" " ind2="1">
    <subfield code="4">070</subfield>
    <subfield code="8">tat</subfield>
    <subfield code="7">ca</subfield>
    <subfield code="a">&#x411;&#x430;&#x44F;&#x43D;</subfield>
    <subfield code="b">&#x42D;.</subfield>
    <subfield code="f">1927-</subfield>
    <subfield code="g">&#x42D;&#x445;&#x441;&#x44D;&#x43D;</subfield>
    <subfield code="3">RU\NLR\auth-onl\77624</subfield>
    <subfield code="9">130680</subfield>
  </datafield>
  <datafield tag="702" ind1=" " ind2="1">
    <subfield code="4">730</subfield>
    <subfield code="7">ca</subfield>
    <subfield code="8">bak</subfield>
    <subfield code="a">&#x418;&#x433;&#x435;&#x431;&#x430;&#x435;&#x432;</subfield>
    <subfield code="b">&#x410;.&#x425;. &#x443;&#x43B;&#x44B;</subfield>
    <subfield code="f">1930-</subfield>
    <subfield code="g">&#x410;&#x431;&#x434;&#x443;&#x43B;&#x445;&#x430;&#x4A1; &#x425;&#x430;&#x436;&#x43C;&#x4E9;&#x445;&#x4D9;&#x43C;&#x4D9;&#x442; &#x443;&#x43B;&#x44B;</subfield>
    <subfield code="9">130350</subfield>
    <subfield code="3">RU\NLR\auth-onl\77291</subfield>
  </datafield>
  <datafield tag="790" ind1=" " ind2="1">
    <subfield code="4">070</subfield>
    <subfield code="8">rus</subfield>
    <subfield code="7">ca</subfield>
    <subfield code="a">&#x411;&#x430;&#x44F;&#x43D;</subfield>
    <subfield code="b">&#x410;.</subfield>
    <subfield code="f">1927-</subfield>
    <subfield code="g">&#x410;&#x445;&#x441;&#x430;&#x43D;</subfield>
    <subfield code="3">RU\NLR\auth-onl\77625</subfield>
    <subfield code="9">130681</subfield>
  </datafield>
  <datafield tag="801" ind1=" " ind2="0">
    <subfield code="a">RU</subfield>
    <subfield code="b">NLR</subfield>
    <subfield code="c">20120523</subfield>
    <subfield code="g">PSBO</subfield>
  </datafield>
  <datafield tag="852" ind1=" " ind2=" ">
    <subfield code="a">NLR</subfield>
    <subfield code="j">&#x411;&#x430;&#x448;&#x43A;./2-4847</subfield>
    <subfield code="p">15087</subfield>
  </datafield>
  <datafield tag="852" ind1=" " ind2=" ">
    <subfield code="a">NLR</subfield>
    <subfield code="j">&#x411;&#x430;&#x448;&#x43A;./2-4847</subfield>
    <subfield code="m">15142</subfield>
  </datafield>
  <datafield tag="852" ind1=" " ind2=" ">
    <subfield code="a">NLR</subfield>
    <subfield code="b">&#x41E;&#x41D;&#x41B;</subfield>
  </datafield>
  <datafield tag="942" ind1=" " ind2=" ">
    <subfield code="c">BOOK</subfield>
  </datafield>
  <datafield tag="980" ind1=" " ind2=" ">
    <subfield code="a">NB</subfield>
  </datafield>
  <datafield tag="980" ind1=" " ind2=" ">
    <subfield code="a">ONL_RF</subfield>
  </datafield>
</record>
